000 00766 a2200241 4500
005 20260402164703.0
008 260402b |||||||| |||| 00| 0 eng d
020 _a978-0-143-47585-9 (pbk)
037 _cTB
040 _aAL
_cAL
041 _2eng
_aeng
084 _aY:45.231'P1 R5
_qAL
100 _aAloka, Prabhakar
_9875758
245 _aPerfect storm: the history and anatomy of 26/11
260 _aGurugram, India:
_bPenguin Random House,
_c2025.
300 _a220p.
365 _b499.00
_cINR
650 _aSociology
700 _aNikhil Ravi
_eAuthor
_91234085
700 _aAloka, Prabhakar
_eAuthor
_91234086
942 _cTB
_2CC
_hY:45.231'P1 R5
999 _c1474531
_d1474531